01209cam a2200217 a 45000010008000000030004000080050017000120080041000290100017000700400018000870500025001051000032001302450070001622500012002322600053002443000028002975000014003255040050003395200578003897000024009671003116KPN20210803120451.0860530s1981 my b f000 0 may  a 86941615  aDLCcDLCdDLC00aPL5139.M774bH5 1981 aEditor; Jamilah Haji Ahmad 10aHikayat Sempurna Jaya /cdiselenggarakan oleh Jamilah Haji Ahmad. aCet. 1. aKuala Lumpur :bDewan Bahasa dan Pustaka.c1981. axxxvi, 145 p. ;c22 cm. ain Malay. aIncludes bibliographical references (p. 145). aSoutheast asian chronicle bHikayat Sempurna Jaya adalah cerita ranting dari Mahabharata dan dapat dikatakan sebagai salah satu cerita dalam siri Pandawa (Pandawa cycle). Tema dan watak-wataknya hampir sama seperti yang terdapat dalam Hikayat Pendawa Lima tetapi plotnya lebih tersusun. Penyampaiannya lebih mendekati kepada cara penyampaian wayang kulit. Ada kemungkinan besar Hikayat sempurna jaya ini berasal dari lakon carangan yang diciota oleh seorang dalang wayang kulit. Dalam lakon carangan seperti ini biasanya diselitkan unsur-unsur ajaran, nasihat dan sindiran.0 aJamilah Haji Ahmad.